000 00662nam a2200193 a 4500
001 000022723
005 20200930021747.0
008 101116s1973 ve abc r 001 0 spa d
040 _aDO-SdBNP
_bspa
_cBNPHU
082 _annnn
_bV297b
100 1 _aVargas, Francisco Alejandro,
_d1908-
_946702
245 1 0 _aBatalla naval de Maracaibo / :
_bFrancisco Alejandro Vargas.
260 _aCaracas, Venezuela :
_bMonte Ávila,
_c1973.
300 _a73, [7] p. :
_bretrs., mapas, illus. ;
_c16 cm.
490 1 _aBiblioteca Popular El Dorado
_v89
500 _aIncluye notas al pie de las páginas.
830 0 _aBiblioteca Popular El Dorado ;
_v89
_913605
049 _aBNGR
999 _c22220
_d22220